| 000 | 01299cam a22003375a 4500 | ||
|---|---|---|---|
| 001 | 4869770 | ||
| 005 | 20150810103224.0 | ||
| 008 | 920804s1993 enka frb 001 0 eng | ||
| 010 | _a92030242 | ||
| 020 | _a9780521064118 (paperback) | ||
| 020 | _a0521064112 | ||
| 040 |
_aDLC _beng _cDLC _dDLC _dEG-ScBUE |
||
| 050 | 0 | 0 |
_aHD87 _b.M2747 1993 |
| 082 | 0 | 4 |
_a338.9 _222 _bMAR |
| 245 | 0 | 0 |
_aMarkets and democracy : _bparticipation, accountability, and efficiency / _cedited by Samuel Bowles, Herbert Gintis, and Bo Gustafsson. |
| 260 |
_aCambridge, United Kingdom : _bCambridge University Press, _cc.1993. |
||
| 300 |
_axviii, 340 p. : _bill. ; _c21 cm. |
||
| 500 | _aIncludes indexes. | ||
| 504 | _aBibliography : p. 316-334. | ||
| 590 | _aMenna Elemam | ||
| 650 | 0 |
_aEconomic policy. _93326 _2BUEsh |
|
| 651 | _2BUEsh | ||
| 653 |
_bBUSECO _cAugust2015 |
||
| 700 | 1 |
_aGintis, Herbert, _93328 _eeditor. |
|
| 700 | 1 |
_aBowles, Samuel, _eeditor. |
|
| 700 | 1 |
_aGustafsson, Bo, _d1931- _93329 _eeditor. |
|
| 856 | 4 | 2 |
_3Publisher description _uhttp://www.loc.gov/catdir/description/cam025/92030242.html |
| 856 | 4 | 1 |
_3Table of contents _uhttp://www.loc.gov/catdir/toc/cam021/92030242.html |
| 942 |
_2ddc _cBB |
||
| 999 |
_c11222 _d11222 |
||